ბათუმის შოთა რუსთაველის სახელმწიფო უნივერსიტეტის ბიბლიოთეკა

რუსული ენის თვითმასწავლებელი : (ბიბ.ჩანაწერი № 57979)

000 -ლიდერი
ფიქსირებული სიგრძის საკონტროლო ველი 01109nam a22002297a 4500
003 - საკონტროლო ნომრის იდენტიფიკატორი
საკონტროლო ველი Ge_BSU
005 - ბოლო ოპერაციის თარიღი და დრო
საკონტროლო ველი 20210415120017.0
008 - ფიქსირებული სიგრძის მონაცემთა ელემენტები - ზოგადი ინფორმაცია
ფიქსირებული სიგრძის საკონტროლო ველი 210414s1987 ge ||||| |||| 00| 0 geo d
041 ## - ენის კოდი
Language code of text/sound track or separate title geo
080 ## - უნივერსალური ათობითი კლასიფიკაციის ინდექსი
Universal Decimal Classification number 811.161.1(075.4) გ-65
100 ## - მთავარი ჩანაწერი - პიროვნების სახელი
Personal name გოლეთიანი, გ. (გიორგი)
9 (RLIN) 11354
245 ## - ცნობა სათაურის შესახებ
Title რუსული ენის თვითმასწავლებელი :
Remainder of title [დამხმ. სახელმძღვ.] /
Statement of responsibility, etc გ. გოლეთიანი; რედ.თ. ჯიჯეიშვილი, ვ. შმაკოვა.
250 ## - გამოცემის ცნობა
Edition statement მე-3 გამოცემა.
264 ## - წარმოების, გამოცემის, დისტრიბუციის და სხვა ცნობები
გამოცემის, წარმოების, დისტრიბუციის... ადგილი თბ. :
გამოცემის, წარმოების, დისტრიბუციის... სახელწოდება განათლება,
გამოცემის, წარმოების, დისტრიბუციის... თარიღი 1987.
300 ## - ფიზიკური აღწერა
Extent 513 გვ. ;
Other physical details 22 სმ.
504 ## - BIBLIOGRAPHY, ETC. NOTE
Bibliography, etc ბიბლიოგრ.: გვ. 514.
653 ## - INDEX TERM--UNCONTROLLED
Uncontrolled term რუსული ენის თვითმასწავლებელი
653 ## - INDEX TERM--UNCONTROLLED
Uncontrolled term რუსული ენა
700 ## - ADDED ENTRY--PERSONAL NAME
Personal name ჯიჯეიშვილი, თ.
Relator term რედაქტორი
9 (RLIN) 9990
700 ## - ADDED ENTRY--PERSONAL NAME
Personal name შმაკოვა, ვ.
Relator term რედაქტორი
9 (RLIN) 11355
942 ## - ADDED ENTRY ELEMENTS (KOHA)
Source of classification or shelving scheme
Koha item type წიგნი
ეგზემპლარები
ჩამოწერის სტატუსი დაკარგული ეგზემპლარის სტატუსი კლასიფიკაციის წყარო ან თაროზე გაწყობის სქემა დაზიანების სტატუსი არ გაიცემა მუდმივი მდებარეობა (დაცვის ადგილი) ამჟამინდელი ადგილსამყოფელი თაროზე განთავსების ადგილი შეძენის თარიღი ღირებულება, შესყიდვის ნორმალური ფასი სრული შენახვის შიფრი შტრიხკოდი ბოლო ოპერაციის თარიღი ეგზემპლარის მიმდევრობითი ნომერი (კეტერი?) ფასის ძალაში შესვლის თარიღი ეგზემპლარის სახეობა საჯარო შენიშვნა
          ბათუმის შოთა რუსთაველის სახელმწიფო უნივერსიტეტის მთავარი ბიბლიოთეკა ბათუმის შოთა რუსთაველის სახელმწიფო უნივერსიტეტის მთავარი ბიბლიოთეკა წიგნსაცავი 2021-04-14 4.00 811.161.1(075.4) გ-65 29236 2021-04-14 29236 2021-04-14 წიგნი 4 ლ.